Poesie e pagine ritrovate /
-д хадгалсан:
| Үндсэн зохиолч: | |
|---|---|
| Бусад зохиолчид: | , , |
| Формат: | Ном |
| Хэл сонгох: | итали |
| Хэвлэсэн: |
Roma :
Lato side,
1980]
|
| Цуврал: | Lato side ;
25 |
| Шошгууд: |
Шошго байхгүй, Энэхүү баримтыг шошголох эхний хүн болох!
|
MARC
| LEADER | 00000nam a22000007i 4500 | ||
|---|---|---|---|
| 001 | IT\ICCU\RAV\0051652 | ||
| 003 | ItRI | ||
| 005 | 20250817120403.0 | ||
| 008 | 890627s1980 it |||||| ||||| |||||c | ||
| 015 | |2 IT |a 80-4897 | ||
| 040 | |b ita |c Arcigay Viterbo | ||
| 041 | 7 | |a ita |2 ISO-639-2 | |
| 082 | |a 851.9 |2 18 | ||
| 100 | 1 | |a Pasolini, Pier Paolo |0 IT\ICCU\CFIV\001068 |4 aut | |
| 245 | 1 | 0 | |a Poesie e pagine ritrovate / |c [Pier Paolo] Pasolini ; a cura di Andrea Zanzotto, Nico Naldini ; disegni di Pier Paolo Pasolini e Giuseppe Zigaina. |
| 246 | 1 | 3 | |a Poesie |
| 260 | |a Roma : |b Lato side, |c 1980] | ||
| 300 | |a 212 p. : |b ill. ; |c 19 cm. | ||
| 500 | |a Tit. del dorso. | ||
| 700 | 1 | |a Zanzotto, Andrea |0 IT\ICCU\CFIV\021806 | |
| 700 | 1 | |a Naldini, Nico |0 IT\ICCU\CFIV\022524 | |
| 700 | 1 | |a Zigaina, Giuseppe |0 IT\ICCU\CFIV\052030 | |
| 830 | 0 | |a Lato side ; |v 25 |0 IT\ICCU\RAV\0040443 | |
| 942 | |2 ddc |c BK |n 0 | ||
| 952 | |0 0 |1 0 |2 ddc |4 0 |6 851_914000000000000_PAS_POE |7 0 |9 9570 |a VT |b VT |d 2025-08-17 |e Donazione Maurizio Gregorini |i B148 |l 0 |o 851.914 PAS POE |p B148 |r 2025-08-17 12:04:57 |w 2025-08-17 |y BK |z Donazione Maurizio Gregorini | ||
| 981 | 1 | |6 z01 |a i |b xxxe | |
| 982 | 1 | |6 z01 |a n | |
| 999 | |c 7982 |d 7982 | ||